|
|
|
|
| LEADER |
00000nam a2200000 a 4500 |
| 001 |
UCQ9105 |
| 003 |
CL-VaPUC |
| 008 |
981230e19360000UK |||||||||||||||||eng|d |
| 082 |
0 |
4 |
|a 512.02
|b BAR
|2 21
|
| 100 |
0 |
|
|a Barnard, S
|e author
|9 423504
|
| 700 |
0 |
|
|a Child, J. M
|e author
|9 423505
|
| 245 |
1 |
0 |
|a Higher algebra
|
| 300 |
|
|
|a 585 p
|
| 942 |
|
|
|c BK
|
| 945 |
|
|
|d 19981230 00:00:00
|a crobeson
|
| 260 |
|
|
|a Londres
|b Macmillan
|c 1936
|
| 650 |
|
0 |
|a Álgebra
|9 259567
|
| 650 |
|
0 |
|a Álgebra abstracta
|9 260081
|
| 650 |
|
0 |
|a Estructuras algebraicas
|9 422373
|
| 650 |
|
0 |
|a Teoría de números
|9 265327
|
| 583 |
|
|
|a last modification
|c 19981230 00:00:00
|k Rodrigo Vera
|
| 999 |
|
|
|c 278201
|d 278199
|
| 952 |
|
|
|0 0
|1 0
|4 0
|6 512_020000000000000_BAR_1936
|7 0
|8 A
|9 316631
|a BIBMAT
|b BIBMAT
|d 2019-11-20
|i 131095K
|o 512.02 BAR 1936
|p 131095K
|r 2025-01-07
|w 2019-11-20
|y BK
|k MAT
|